00929nam a2200217 a 450000100100000000500170001000800410002702000180006804000250008608200160011111000320012724000180015924500710017726000370024830000200028559000260030595201290033195201140046095201200057499900170069400004662920201002053019.0180314s200- dr 000 0 spa d a9789945606096 aDO-SdBNPbspacBNPHU axxxxbR426L1 aRepública Dominicana944710a[Leyes, etc.]10aLey No. 834-78 que otorga y modifica código procedimiento civil. aSanto Domingo :bDalis,c[s.f.]. a36 p. ;a22 cm. aInventariado, 2018/BT 001054708DSaGRbGRcHDd2018-03-14iLF1l0oxxxx R426Lp46629-30r2020-06-25te. 3w2020-06-25yLFDSZPréstamo en sala 0010718PDaPDbPDcHDd2018-03-14iLF1l0oxxxx R426Lp46629-10r2020-06-25w2020-06-25yLFPDZNo se presta 0010718PDaPDbPDcHDd2018-03-14iLF1l0oxxxx R426Lp46629-20r2020-06-25te. 2w2020-06-25yLFPDZNo se presta c46118d46118